Library Logo

Pioneer International University Library Catalogue

Desktop publishing (Record no. 2159)

MARC details
000 -LEADER
fixed length control field 00276nam a22000977a 4500
005 - DATE AND TIME OF LATEST TRANSACTION
control field 20250901165325.0
008 - FIXED-LENGTH DATA ELEMENTS--GENERAL INFORMATION
fixed length control field 210310b ||||| |||| 00| 0 eng d
050 ## - LIBRARY OF CONGRESS CALL NUMBER
Classification number Z253.53
245 ## - TITLE STATEMENT
Title Desktop publishing
Statement of responsibility, etc. LUGMAIR, CHRISTOPHER
942 ## - ADDED ENTRY ELEMENTS (KOHA)
Source of classification or shelving scheme Library of Congress Classification
Classification part Z253.53 .L84 2003
Holdings
Withdrawn status Lost status Source of classification or shelving scheme Damaged status Not for loan Home library Current library Shelving location Date acquired Total checkouts Full call number Barcode Date last seen Price effective from Koha item type
    Library of Congress Classification     Main Library Main Library   03/10/2021   Z253.53 .L84 2003 PIU0000145 03/10/2021 03/10/2021 Books